000 00282nam a22001337a 4500
008 170403b xxu||||| |||| 00| 0 eng d
020 _a9280810472
041 _aeng
080 _a574
100 _a9
101 _aSHM
245 _aEARTH NEGOTIATIONS
_cCHASEK.P.S
942 _2udc
_cBK
999 _c9473
_d9473